000 00348nam a2200133Ia 4500
008 240624s9999 xx 000 0 und d
041 _aeng
082 _a658.0071 AND
100 _aANDERSEN ESPEN
245 _aTEACHING WITH CASES A PRACTICAL GUIDE
260 _c2014
_aBoston
_bHarvard Business
300 _a294 : p. : cm. ; 28
365 _cRS
_b35
999 _c27821
_d27821